Normal view
MARC view
- Corps, U.S Marine
Entry Personal Name
001 - CONTROL NUMBER
- control field: 114108
003 - CONTROL NUMBER IDENTIFIER
- control field: NUST
005 - DATE AND TIME OF LATEST TRANSACTION
- control field: 20230815113018.0
008 - FIXED-LENGTH DATA ELEMENTS
- fixed length control field: 230815|| aca||aabn | a|a d
040 ## - CATALOGING SOURCE
- Original cataloging agency: NUST
- Transcribing agency: NUST
100 ## - HEADING--PERSONAL NAME
- Personal name: Corps, U.S Marine
670 ## - SOURCE DATA FOUND
- Source citation: Work cat.: (NUST)190278: Corps, U.S Marine , Feild Antenna Handbook /, 1999
